000 00533nam a2200229Ia 4500
003 OSt
005 20220912153025.0
006 a|||||r|||| 00| 0
007 ta
008 220909b |||||||| |||| 00| 0 eng d
024 _a25413
037 _cTextual
040 _aCSL
_beng
_cCSL
041 _aeng
082 _aYv1.Nz, L6
100 _aStrasser
245 0 _aNormative structure of sociology
260 _c1976
300 _ap.
_ccm.
942 _hYv1.Nz, L6
_cTEXL
_2CC
999 _c96371
_d96371